skbl

Dr Suryya Kumar Bhuyan Library Web-OPAC
ডঃ সূৰ্য্য
কুমাৰ ভূঞা পুথিভঁৰাল ৱেব-অ'পেক

All Research Scholars are advised to clear the annual library fees to continue using Library Resources, Remote Access, Plagiarism Test and Library Clearance.

Cotton University Book Fair 2026

The Cambridge Companion to Schopenhauer (Record no. 57024)

MARC details
000 -LEADER
fixed length control field 00534nam a2200181Ia 4500
001 - CONTROL NUMBER
control field 57109
008 - FIXED-LENGTH DATA ELEMENTS--GENERAL INFORMATION
fixed length control field 130926n1999 ii |||gr||||Z||||||465
020 ## - INTERNATIONAL STANDARD BOOK NUMBER
International Standard Book Number 0-521-62924-1
082 ## - DEWEY DECIMAL CLASSIFICATION NUMBER
Classification number 193
245 #0 - TITLE STATEMENT
Title The Cambridge Companion to Schopenhauer
Statement of responsibility, etc. Christopher Janaway (Editor)
Medium Textual Documents
250 ## - EDITION STATEMENT
Edition statement Ist ed.
260 ## - PUBLICATION, DISTRIBUTION, ETC.
Place of publication, distribution, etc. London
Name of publisher, distributor, etc. Cambridge University Press
Date of publication, distribution, etc. 1999
300 ## - PHYSICAL DESCRIPTION
Extent 478pg:
Dimensions 23cm.
653 ## - INDEX TERM--UNCONTROLLED
Uncontrolled term Philosophy- Schopenhauer
653 ## - INDEX TERM--UNCONTROLLED
Uncontrolled term MS- Philosophy
700 ## - ADDED ENTRY--PERSONAL NAME
Personal name Janaway , Christopher,
Relator term Editor.
942 ## - ADDED ENTRY ELEMENTS (KOHA)
Source of classification or shelving scheme Dewey Decimal Classification
Koha item type Books
Holdings
Withdrawn status Lost status Damaged status Not for loan Collection Home library Current library Shelving location Date acquired Coded location qualifier Cost, normal purchase price Total checkouts Full call number Barcode Date last seen Copy number Price effective from Koha item type
          Dr. Suryya Kumar Bhuyan Library Dr. Suryya Kumar Bhuyan Library   26/09/2013 00000 695.00   193 Ja 251 Sc 900/Eng 14/01/2024 1 26/09/2013 Books

Designed and Maintained by Team SKBL
©1901-2026

Powered by Koha